000 00308nam a22001337a 4500
008 170609b xxu||||| |||| 00| 0 eng d
020 _a9780766019447
041 _aeng
080 _a94(7/8)
100 _a18
101 _aSHH
245 _aTHE AMERICAN CIVIL RIGHTS MOVEMENT
_cALTMAN,L.J
942 _2udc
_cBK
999 _c16793
_d16793